000 00332nam a2200157Ia 4500
003 IT-RoPAU
008 120407s9999 xx 000 0 und d
040 _aIT-RoPAU
040 _cIT-RoPAU
100 _aBenoit Standaert
245 _aLe tre colonne del mondo
260 _aQiqajon
300 _c cm
490 _v1
942 _cBK
999 _c9936
_d9936